Mnohosť trestnej činnosti

Bibliographic Details
Main Author: Mencerová, Ingrid, 1967- (Author)
Format: Book
Language:Slovak
PhysicalDescription:133 s. tab. 22 cm
Published: Bratislava C.H. Beck 2013
ISBN:9788089603176
Edition:1. vyd.
Series:Beckova edícia právne inštitúty
Subjects:

MARC

LEADER 00000nam a2200000 a 4500
001 vtls010559874
003 SK-MaSNL
005 20260301214843.0
008 240314s2013 xo a f n 001 0 slo
015 |a SNBA2015/12 
020 |a 9788089603176  |q (brož.) 
035 |a 09067DC9-E627-4CEE-A564-2409AC42F7D5 
035 |a urn:nbn:sk:snk-aml9g5 
035 |a urn:nbn:sk:snk-am008rkx 
040 |a SNK  |b slo  |c SNK  |e AACR2 
041 0 |a slo 
044 |a xo  |c SK 
072 7 |a 343  |x Trestné právo  |2 konspekt 
080 |a 343.3/.7  |2 2001 
080 |a 343.3/.7-022.338  |2 2001 
080 |a (048.8)  |2 2001 
100 1 |a Mencerová, Ingrid,  |d 1967-  |4 aut  |9 134357 
245 1 0 |a Mnohosť trestnej činnosti  |c Ingrid Mencerová 
250 |a 1. vyd. 
260 |a Bratislava  |b C.H. Beck  |c 2013 
300 |a 133 s.  |b tab.  |c 22 cm 
490 1 |a Beckova edícia právne inštitúty 
504 |a Bibliogr.: s. 125-129 ; bibliogr. odkazy ; reg. ; zoz. použ. skrat. 
650 0 7 |a trestné činy  |2 SNKPH  |9 2181 
650 0 7 |a Crimes  |2 SNKPHeng  |9 306532 
650 0 7 |a recidíva trestnej činnosti  |2 SNKPH  |9 431352 
650 0 7 |a Recidivism  |2 SNKPHeng  |9 431353 
655 7 |a monografie  |2 SNKPH  |9 70139 
655 7 |a Monographs  |2 SNKPHeng  |9 120675 
830 0 |a Beckova edícia právne inštitúty  |9 304682 
919 |a 978-80-89603-17-6 
958 |a NB 
999 |c 926113  |d 928043 
952 |a SNK  |b SNK  |y PREZ  |7 0  |p 17A1092965  |o snkSC 156997  |i snk2013/28479  |8 0  |0 0  |1 0  |4 0  |d 2013-11-21  |f 1  |l 0  |r 2025-08-19 00:00:00  |w 2026-02-24 
952 |a SNK  |b SNK  |y VYP  |7 0  |p 17A1092966  |o snkSC 156997 D1  |i snk2013/28480  |8 0  |0 0  |1 0  |4 0  |d 2013-11-21  |l 1  |r 2026-03-20 10:37:27  |s 2026-02-28  |w 2026-02-24